Panteones y sepulcros en los cementerios de Madrid / (Record no. 163341)

MARC details
000 -LEADER
campo de control de longitud fija 01139nam a2200253 i 4500
001 - NÚMERO DE CONTROL
campo de control 163341
003 - IDENTIFICADOR DE NÚMERO DE CONTROL
campo de control ES-MaACL
005 - FECHA Y HORA DE LA ÚLTIMA TRANSACCIÓN
campo de control 20250821063103.0
008 - DATOS DE LONGITUD FIJA--INFORMACIÓN GENERAL
campo de control de longitud fija 950206s1899 sp f |||| | spa d
080 ## - NÚMERO DE LA CLASIFICACIÓN DECIMAL UNIVERSAL
Número de la Clasificación Decimal Universal 726.8.035(460.27 M.)
100 1# - ENTRADA PRINCIPAL--NOMBRE DE PERSONA
Nombre de persona Repullés y Vargas, Enrique María,
Fechas asociadas al nombre 1845-1922
9 (RLIN) 96277
245 10 - MENCIÓN DEL TÍTULO
Título Panteones y sepulcros en los cementerios de Madrid /
Mención de responsabilidad, etc. fototipias de Hauser y Menet ; texto de E.M.R.
260 ## - PUBLICACIÓN, DISTRIBUCIÓN, ETC.
Lugar de publicación, distribución, etc. Madrid :
Nombre del editor, distribuidor, etc. Antero de Oteyza y Barinaga,
Fecha de publicación, distribución, etc. 1899 (
Fabricante Imp. de San Francisco de Sales)
300 ## - DESCRIPCIÓN FÍSICA
Extensión [32] p., [14] h. de lám. ;
Dimensiones 31 cm.
490 1# - MENCIÓN DE SERIE
Mención de serie Biblioteca del "Resumen de arquitectura"
530 ## - NOTA DISPONIBLE DE FORMULARIO FÍSICO ADICIONAL
Nota de formato físico adicional disponible Disponible en formato digital.
650 #4 - PUNTO DE ACCESO ADICIONAL DE MATERIA--TÉRMINO DE MATERIA
Término de materia o nombre geográfico como elemento de entrada Monumentos funerarios-
Subdivisión geográfica Madrid.
9 (RLIN) 15188
700 1# - ENTRADA AGREGADA--NOMBRE PERSONAL
Nombre de persona Oteyza y Barinaga, Antero de.
9 (RLIN) 130741
710 2# - ENTRADA AGREGADA--NOMBRE DE ENTIDAD CORPORATIVA
Nombre de entidad corporativa o nombre de jurisdicción como elemento de entrada Hauser y Menet (Madrid)
9 (RLIN) 4558
830 1# - PUNTO DE ACCESO ADICIONAL DE SERIE-TÍTULO UNIFORME
Título uniforme Biblioteca del "Resumen de arquitectura"
9 (RLIN) 188429
852 4# - LOCALIZACIÓN
Ubicación ES-MaACL
Número de control de estantería B-11453
Nota libre - Enc. tela gris con hierros dorados
856 4# - LOCALIZACIÓN Y ACCESO ELECTRÓNICOS
Identificador Uniforme de Recursos <a href="http://ciconia.gobex.es/biblioteca/es/consulta/registro.cmd?id=3690">http://ciconia.gobex.es/biblioteca/es/consulta/registro.cmd?id=3690</a>
Nota pública Biblioteca Digital del Patrimonio Cultural de Extremadura
Holdings
Estatus retirado Estado de pérdida Estado de daño No para préstamo Colección Biblioteca de origen Biblioteca actual Ubicación en estantería Fecha de adquisición Total de préstamos Signatura topográfica completa Código de barras Visto por última vez Precio de reemplazo Tipo de ítem Koha
        Colección digital Biblioteca del Ateneo de Madrid Biblioteca del Ateneo de Madrid Sala Pardo Bazán 17/01/2008   B-11453 1171166 23/02/2023 23/02/2023 Libro impreso antiguo